| 000 | 00388nam a2200169Ia 4500 | ||
|---|---|---|---|
| 100 | _aStallings/William | ||
| 650 | _aComputer communications | ||
| 250 | _a8 | ||
| 942 | _cBK | ||
| 366 | _f15 | ||
| 654 | _adata | ||
| 245 | _aData and computer communications | ||
| 260 |
_bPrentice -Hall of India _aNew Delhi _c2007 |
||
| 082 |
_a004.6/STA _bSTA |
||
| 300 | _a878 | ||
| 546 | _aENGLISH | ||
| 999 |
_c20032 _d20032 |
||